Catálogo
 En Linea

Cangrejos-Santurce : (Registro nro. 35893)

Detalles MARC
000 -CABECERA
campo de control de longitud fija 00602nam a2200157 a 4500
001 - NÚMERO DE CONTROL
campo de control 000036402
005 - FECHA Y HORA DE LA ÚLTIMA TRANSACCIÓN
campo de control 20200930075719.0
008 - DATOS DE LONGITUD FIJA--INFORMACIÓN GENERAL
campo de control de longitud fija 120117s1987 pr ab 000 0 spa d
040 ## - FUENTE DE LA CATALOGACIÓN
Centro catalogador/agencia de origen DO-SdBNP
Lengua de catalogación spa
Centro/agencia transcriptor BNPHU
082 ## - NÚMERO DE LA CLASIFICACIÓN DECIMAL DEWEY
Número de clasificación xxx
Número de documento/Ítem S479c
100 1# - ENTRADA PRINCIPAL--NOMBRE DE PERSONA
Nombre de persona Sepúlveda, Aníbal
9 (RLIN) 62611
245 10 - MENCIÓN DE TÍTULO
Título Cangrejos-Santurce :
Resto del título Historia ilustrada de su desarrollo urbano (1519-1950) /
Mención de responsabilidad, etc. Aníbal Sepúlveda, Jorge Carbonell.
260 ## - PUBLICACIÓN, DISTRIBUCIÓN, ETC.
Lugar de publicación, distribución, etc. Puerto Rico :
Nombre del editor, distribuidor, etc. Centro de Investigaciones CARIMAR
-- Oficina Estatal de Preservación Histórica,
Fecha de publicación, distribución, etc. 1987.
300 ## - DESCRIPCIÓN FÍSICA
Extensión 85 p. :
Otras características físicas il., map. ;
Dimensiones 28 cm.
700 1# - PUNTO DE ACCESO ADICIONAL--NOMBRE DE PERSONA
Nombre de persona Carbonell, Jorge
9 (RLIN) 62612
Existencias
Estado de retiro Estado de pérdida Restricciones de uso No para préstamo Código de colección Localización permanente Ubicación/localización actual Ubicación en estantería Fecha de adquisición Número de inventario Total de préstamos Signatura topográfica completa Código de barras Fecha visto por última vez Precio válido a partir de Tipo de ítem Koha
      Excluido de préstamo Monografías: Libros y Folletos General General En catalogación 17.01.2012 LF1   xxx S479c 36403-10 25.06.2020 25.06.2020 No se presta

Con tecnología Koha